000 00726nam a2200229Ia 4500
003 OSt
005 20241009152715.0
008 210716s2009 xx 000 0 und d
020 _a9788190768214
040 _cAIMIT LIBRARY
041 _aeng
082 _a382.104
_21
_bSENP
100 _aSengupta, Priyarannnnjan.
_9181979
245 _aManagement in multinational corporations /
_cBy Priyaranjan Sengupta.
250 _a1st ed.
260 _aNew Delhi :
_c2009.
_bPacific Publication ,
300 _a288p. ;
_bPB
_c22.9 cm
650 _aMultinational enterprises of India
_9181980
650 _aAccounting in MNCs
_9181981
650 _aWTO and multinational enterprises
_9181982
942 _2ddc
_cBK
_e1st
_k382.104 SENP
999 _c207158
_d207158